书目信息 |
| 题名: |
醉眼优孟
|
|
| 作者: | 许宏泉 文 ;高马得 图 | |
| 分册: | ||
| 出版信息: | 北京 中国人民大学出版社 2006 |
|
| 页数: | 175页 | |
| 开本: | 23cm | |
| 丛书名: | 朗朗书房 | |
| 单 册: | ||
| 中图分类: | J805.2 | |
| 科图分类: | ||
| 主题词: | 戏曲--艺术评论--中国--文集 , 中国画--人物画--中国--现代--画册 , 戏曲 , 艺术评论 , 中国画 , 人物画 | |
| 电子资源: | ||
| ISBN: | 7-300-07451-0 | |
| 000 | 01047oam2 2200325 450 | |
| 001 | 1254913859 | |
| 005 | 20121019151545.65 | |
| 010 | @a7-300-07451-0@dCNY26.80 | |
| 100 | @a20060104d2006 em y0chiy50 ea | |
| 101 | 0 | @achi |
| 102 | @aCN@b110000 | |
| 105 | @aa z 000yy | |
| 200 | 1 | @a醉眼优孟@Azui yan you meng@e说戏画戏@f许宏泉文@g高马得图 |
| 210 | @a北京@c中国人民大学出版社@d2006 | |
| 215 | @a175页@c图@d23cm | |
| 225 | 2 | @a朗朗书房 |
| 330 | @a本书收入集了马德先生创作的昆曲、京剧、川剧等戏曲绘画80余幅,每图一文,涉及戏曲、历史、演员、梨园掌故、春秋笔法、画戏话戏,是书堪为当代图说戏曲的最佳读本。 | |
| 461 | 0 | @12001 @a朗朗书房 |
| 517 | 1 | @a说戏画戏@Ashuo xi hua xi |
| 606 | 0 | @a戏曲@x艺术评论@y中国@j文集 |
| 606 | 0 | @a中国画@x人物画@y中国@z现代@j画册 |
| 606 | 0 | @a戏曲 |
| 606 | 0 | @a艺术评论 |
| 606 | 0 | @a中国画 |
| 606 | 0 | @a人物画 |
| 690 | @aJ805.2@v4 | |
| 701 | 0 | @a许宏泉@Axu hong quan@f(1963~)@4文 |
| 702 | 0 | @a高马得@Agao ma de@f(1917~)@4图 |
| 801 | 0 | @aCN@bNLC@c20101222 |
| 905 | @a10447@dJ805.2@eJY16 | |
| 醉眼优孟:说戏画戏/许宏泉文/高马得图.-北京:中国人民大学出版社,2006 |
| 175页:图;23cm.-(朗朗书房) |
| ISBN 7-300-07451-0:CNY26.80 |
| 本书收入集了马德先生创作的昆曲、京剧、川剧等戏曲绘画80余幅,每图一文,涉及戏曲、历史、演员、梨园掌故、春秋笔法、画戏话戏,是书堪为当代图说戏曲的最佳读本。 |
| ● |
| 相关链接 |
|
|
|
|
正题名:醉眼优孟
索取号:J805.2/JY16
 
预约/预借
| 序号 | 登录号 | 条形码 | 馆藏地/架位号 | 状态 | 备注 |
| 1 | 7834033 | 278340332 | 学院路分馆/ [索取号:J805.2/JY16] | 在馆 | |
| 2 | 7834034 | 278340341 | 学院路分馆/ [索取号:J805.2/JY16] | 在馆 |